000 00759 a2200241 4500
999 _c3983
_d3983
020 _a9781446267844
020 _a1446267849
020 _a1446267857
020 _a9781446267851
050 0 0 _aLB 2369 OLI 2008
100 1 _aOliver, Paul.
_eAuthor
245 1 0 _aWriting your thesis /
_cPaul Oliver.
250 _a3rd ed.
264 1 _aLondon:
_bSAGE,
_c2014
300 _axi, 229p. :
_bill.
500 _aIncludes bibliographical references (pages 224-226) and index.
504 _aIncludes bibliographical references (pages 224-226) and index.
650 4 _aDissertations, Academic.
650 4 _aAcademic writing.
650 4 _aReport writing.
942 _2lcc
_cBK
_e3rd ed.
_h2369
_iOLI
_kLB